000 00687nam a22001817a 4500
005 20120202114914.0
008 120202t xxu||||| |||| 00| 0 eng d
020 _a0070447365
_c00.00
035 _aB-63388
040 _aDPL
_bENG
100 _aGilster, Ron
_940580
245 _aPC Hardware a beginner's guide /
_cby Ron Gilster
250 _aTata Mcgraw-hill ed. 2001
260 _aNew Delhi
_bTata Mcgraw-Hill Publishing
_c2001
300 _axx, 651p.
_c22 cms.
942 _2ddc
_cEN
_h004.64
_mGIL
999 _c61794
_d61794